000 00293nam a22001337a 4500
008 170510b xxu||||| |||| 00| 0 eng d
020 _a9781593459604
041 _aeng
080 _a343.9
100 _a15
101 _aSHJ
245 _aCRIMINAL INVESTIGATION
_cWARD.R.H
942 _2udc
_cBK
999 _c13063
_d13063